Teoretické základy manažmentu

Manažment ako veda o riadení. Tvorba vedeckej základne manažmentu. Vplyv praxe na rozvoj teórie manažmentu. Model funkcií manažmentu. Súčasné trendy rozvoja manažmentu.

Guardado en:
Detalles Bibliográficos
Autor principal: Hittmár, Štefan
Formato: Capítulo de libro
Lenguaje:eslovaco
Materias:
Etiquetas: Agregar Etiqueta
Sin Etiquetas, Sea el primero en etiquetar este registro!

MARC

LEADER 00000nla$a2200000$$$4500
001 0126116
005 20231207080813.8
041 0 |a slo 
044 |a SK 
245 1 0 |a Teoretické základy manažmentu  |c Štefan Hittmár 
520 |a Manažment ako veda o riadení. Tvorba vedeckej základne manažmentu. Vplyv praxe na rozvoj teórie manažmentu. Model funkcií manažmentu. Súčasné trendy rozvoja manažmentu. 
610 2 0 |a manažment 
610 2 0 |a modely riadenia 
610 2 0 |a teórie ekonomické 
610 2 0 |a pojmy 
610 2 0 |a riadenie 
100 1 |a Hittmár, Štefan